[Event "Pfarrkirchen Rottal op 2nd"]
[Site "Pfarrkirchen"]
[Date "2018.03.31"]
[Round "2"]
[White "Moeckel, Jens"]
[Black "Singer, Christoph"]
[Result "0-1"]
[WhiteElo "1906"]
[BlackElo "2370"]
[PlyCount "134"]
[EventDate "2018.03.30"]
[EventType "swiss"]
[EventRounds "7"]
[EventCountry "GER"]
[SourceTitle "CBM 183 Extra"]
[Source "ChessBase"]
[SourceDate "2018.04.19"]
[SourceVersion "1"]
[SourceVersionDate "2018.04.19"]
[SourceQuality "1"]

1. d4 d5 2. Nf3 Nf6 3. c4 e6 4. g3 dxc4 5. a4 Nc6 6. Bg2 e5 7. Nxe5 Nxe5 8. dxe5 Qxd1+ 9. Kxd1 Ng4 10. Be3 Nxe3+ 11. fxe3 Bd7 12. Bxb7 Rb8 13. Bd5 Rxb2 14. Bxc4 Bxa4+ 15. Ke1 Bc2 16. Kf2 Bc5 17. Nc3 0-0 18. Rhc1 Re8 19. Ra2 Rxa2 20. Nxa2 Bg6 21. e6 Bb6 22. exf7+ Bxf7 23. Bxf7+ Kxf7 24. Rc3 a5 25. Kf3 Re6 26. Nc1 Rf6+ 27. Ke4 Re6+ 28. Kf3 Ke7 29. h4 Kd6 30. e4 c5 31. Nd3 Kc6 32. e5 a4 33. Ke4 Kb5 34. Nf4 Re8 35. Nd5 Ba5 36. Rc1 a3 37. Ne3 Bd2 38. Rb1+ Bb4 39. Nf5 a2 40. Rd1 Ra8 41. e6 Bc3 42. e7 a1Q 43. Rxa1 Bxa1 44. Nd6+ Kc6 45. e8Q+ Rxe8+ 46. Nxe8 g6 47. e3 Kd7 48. Kd5 Kxe8 49. Kxc5 Ke7 50. Kd5 Bc3 51. Ke4 Be1 52. Kf4 Kf6 53. Kg4 Bd2 54. Kf4 Bc3 55. Ke4 Be5 56. Kf3 Kf5 57. g4+ Kf6 58. Ke4 Ke6 59. Kf3 Bc7 60. Ke4 Bg3 61. h5 Be5 62. Kf3 Kd5 63. g5 Bd6 64. e4+ Ke5 65. Kg3 Kxe4+ 66. Kg4 Bf4 67. hxg6 hxg6 0-1

[Event "Bad Woerishofen op 34th"]
[Site "Bad Woerishofen"]
[Date "2018.02.24"]
[Round "3"]
[White "Singer, Christoph"]
[Black "Tennstedt, Andreas"]
[Result "1/2-1/2"]
[WhiteElo "2370"]
[BlackElo "2109"]
[PlyCount "76"]
[EventDate "2018.02.23"]
[EventType "swiss"]
[EventRounds "9"]
[EventCountry "GER"]
[SourceTitle "CBM 183 Extra"]
[Source "ChessBase"]
[SourceDate "2018.04.19"]
[SourceVersion "1"]
[SourceVersionDate "2018.04.19"]
[SourceQuality "1"]

1. e4 g6 2. d4 Bg7 3. Nc3 d5 4. exd5 Nf6 5. Bc4 Nbd7 6. Nf3 0-0 7. Bb3 Nb6 8. h3 a5 9. a4 Nbxd5 10. Nxd5 Nxd5 11. 0-0 c6 12. Re1 Re8 13. c3 Bf5 14. Bg5 Qc7 15. Qd2 Rad8 16. Rad1 b6 17. Bh6 Qc8 18. Bxg7 Kxg7 19. Qc1 Qc7 20. Ne5 f6 21. Ng4 Qf4 22. Ne3 Be6 23. Qd2 Bf7 24. Bc2 Nxe3 25. fxe3 Qg5 26. Qf2 Qd5 27. b3 Qd6 28. e4 e5 29. d5 cxd5 30. exd5 Qc5 31. c4 Qxf2+ 32. Kxf2 f5 33. Ke3 h5 34. h4 Kf6 35. g3 Rd6 36. b4 Rc8 37. Bd3 Be8 38. bxa5 bxa5 1/2-1/2